00771nam a2200217Ia 450000500170000000800410001702000180005804000180007604100080009408200190010210000210012124501160014225000130025826000660027130000310033765000530036865000350042165000560045670000210051270000200053320260127133759.0210716s2008 xx 000 0 und d a9780070660199 cAIMIT LIBRARY aeng a658 212bWEIH aWeihrich, Heinz. aManagement : bglobal and entrepreneurial perspective /cBy Heinz, Weihrich, Mark V. Cannice and Harold Koontz. a12th ed. aNew Delhi :bTata McGraw Hill Publishing Company Ltd ,c2009. axxxvii,527p. ;c24 cm.bPB aTime Spent in Carrying Out Managerial Functions. aStrategic Planning from Model. aOrganization Structures with Narrow and Wide Spans. aCannice, Mark V. aKoontz, Harold.